| 000 | 00527cam a2200193 i 4500 | ||
|---|---|---|---|
| 020 | _a9781413317725 (pbk.) | ||
| 040 | _cDLC | ||
| 082 | 0 | 0 | _a346 NOL 2012 A114 Or. |
| 100 | 1 | _aFishman, Stephen. | |
| 245 | 1 | 0 |
_aNonprofit fundraising registration : _bthe 50-state guide / |
| 250 | _a2nd edition. | ||
| 300 |
_a352 pages : _bforms ; _c23 cm |
||
| 500 | _aIncludes index. | ||
| 650 | 0 | _aFund raising | |
| 650 | 0 | _aNonprofit organizations | |
| 650 | 0 | _aCharity laws and legislation | |
| 650 | 0 | _aIncorporation | |
| 942 | _cEK | ||
| 999 |
_c17434 _d17434 |
||